000 00687nam a2200289Ia 4500
005 20260324130239.0
008 008 260324s9999 xx 000 0 eng d
020 _a9781315591148
037 _aEBOOK
040 _aCRL
040 _beng
040 _cCRL
041 _2eng
041 _aeng
084 _qCRL
100 _aMassimo Mazzotti
_91181051
245 0 _aKnowledge as Social Order
245 0 _bRethinking the Sociology of Barry Barnes
260 _bTaylor and Francis
260 _c2008
365 _a
365 _b255
856 _uhttp://www.taylorfrancis.com/books/9781315591148
942 _cEBOOK
999 _c1777064
_d1777064